مكتبة جامعة عجلون الوطنية

فهرس بحث المكتبة

Normal view MARC view
  • التحرير الصحفي - المقالات - السياسيون

Entry Topical Term

Number of records used in: 1

001 - CONTROL NUMBER

  • control field: 48189

003 - CONTROL NUMBER IDENTIFIER

  • control field: JO-AjAnu

005 - DATE AND TIME OF LATEST TRANSACTION

  • control field: 20230606081941.0

008 - FIXED-LENGTH DATA ELEMENTS

  • fixed length control field: 230606|| aca||aabn | a|a d

040 ## - CATALOGING SOURCE

  • Original cataloging agency: JO-AjAnu
  • Transcribing agency: JO-AjAnu

150 ## - HEADING--TOPICAL TERM

  • Topical term or geographic name entry element: التحرير الصحفي - المقالات - السياسيون

670 ## - SOURCE DATA FOUND

  • Source citation: Work cat.: (JO-AjAnu)24654: العزوني، أسعد, author 48188, مشاوير الزمن الناري: حوارات في التاريخ والفكر والسياسة مع: بهجت أبو غربية، يعقوب زيادين، رؤوف أبو جابر، ناصيف عواد، مجلي نصراوين، حنين زعبي، عطا الله حنا، هشام البستاني